Visualizzazione normale
Vista MARC
- Molari Carlo
di Personal Name
Records bibliografici associati: 1
001 - CONTROL NUMBER
- control field: 9635
003 - CONTROL NUMBER IDENTIFIER
- control field: IT-RoPau
005 - DATE AND TIME OF LATEST TRANSACTION
- control field: 20140118213243.0
008 - FIXED-LENGTH DATA ELEMENTS
- fixed length control field: 140118|| aca||aabn | a|a d
040 ## - CATALOGING SOURCE
- Original cataloging agency: IT-RoPau
- Transcribing agency: IT-RoPau
100 ## - HEADING--PERSONAL NAME
- Personal name: Molari Carlo
- Miscellaneous information: Codice autore SPICS: 3671
- Relator term: Autore
670 ## - SOURCE DATA FOUND
- Source citation: Work cat.: (IT-RoPau)101850: Molari Carlo 9631, Si fece uomo